000 00346nam a2200145Ia 4500
008 230917s9999||||xx |||||||||||||| ||und||
040 _e124114
_aMAIN
041 _aEnglish
082 _a829.443 T129G
100 _aTagore, Babindranath
245 0 _aGora
260 _aNew Delhi
_bAtlantic Publishers
_c2008
300 _a477 p.
942 _cBK
999 _c145017
_d145017